[Event "1st Grand Europe Open"]
[Site "Golden Sands BUL"]
[Date "2012.06.08"]
[Round "5.3"]
[White "Virovlansky, Semen"]
[Black "Stocek, Jiri"]
[Result "1/2-1/2"]
[WhiteTitle "IM"]
[BlackTitle "GM"]
[WhiteElo "2445"]
[BlackElo "2595"]
[WhiteFideId "4125207"]
[BlackFideId "304760"]
[EventDate "2012.06.04"]
[EventType "swiss"]

1. d4 Nf6 2. c4 e6 3. Nf3 Bb4+ 4. Nbd2 d5 5. a3 Be7 6. e3 O-O 7. Bd3 c5 8. b3
cxd4 9. exd4 dxc4 10. Nxc4 b6 11. O-O Bb7 12. Bb2 Nbd7 13. Re1 Rc8 14. Qe2 Nd5
15. g3 h6 16. Rac1 N7f6 17. Nfe5 b5 18. Nd2 Rxc1 19. Rxc1 b4 20. axb4 Nxb4 21.
Bc4 Nbd5 22. Ba6 Qb6 23. Bxb7 Qxb7 24. Qc4 Bb4 25. Ndf3 Bd6 26. Nd2 Ne7 27. Nc6
Nxc6 28. Qxc6 Qb8 29. Qa6 Rd8 30. Ra1 Rd7 31. Rc1 Rd8 32. Ra1 Rd7 33. Rc1 Rc7
34. Rxc7 Bxc7 35. Ba3 Bb6 36. Qc4 Nd5 37. Ne4 Bc7 38. Nc5 Bd6 39. Na6 Qd8 40.
Bc5 Be7 41. Bxa7 Qa5 42. Bc5 Bf6 43. b4 Qa1+ 44. Kg2 Qb2 45. Qd3 Nc3 46. Nc7 Bd8
47. Nb5 Nd5 48. Nd6 Bc7 49. Nc4 Qa2 50. b5 Qa4 51. b6 Bxb6 52. Nxb6 Nxb6 53.
Bxb6 Qc6+ 54. d5 Qxb6 55. d6 Kf8 1/2-1/2

[Event "1st Grand Europe Open"]
[Site "Golden Sands BUL"]
[Date "2012.06.08"]
[Round "5.4"]
[White "Solak, Dragan"]
[Black "Arnaudov, G. Petar"]
[Result "1/2-1/2"]
[WhiteTitle "GM"]
[BlackTitle "IM"]
[WhiteElo "2586"]
[BlackElo "2477"]
[WhiteFideId "916811"]
[BlackFideId "2907127"]
[EventDate "2012.06.04"]
[EventType "swiss"]

1. e4 e5 2. Nf3 Nc6 3. Bb5 a6 4. Bxc6 dxc6 5. O-O Qf6 6. d4 exd4 7. Bg5 Qd6 8.
Nxd4 Bd7 9. Nc3 Ne7 10. Be3 c5 11. Nde2 Qxd1 12. Raxd1 b6 13. Rd2 O-O-O 14. Rfd1
h6 15. Bf4 f6 16. e5 fxe5 17. Bxe5 Nc6 18. Bg3 Be6 19. Rxd8+ Nxd8 20. Nd5 Bxd5
21. Rxd5 Ne6 22. Nf4 Nxf4 23. Bxf4 Bd6 24. Bd2 Re8 25. Kf1 c4 26. Bc3 g6 27. Rd1
Kd7 28. Re1 Rxe1+ 29. Kxe1 Ke6 30. Ke2 b5 31. Kf3 Kd5 32. Bd2 Bf8 33. Kg4 Ke6
34. Kf4 Kd5 35. Kg4 Ke6 36. f4 Bg7 37. c3 b4 38. g3 b3 39. a3 Kd5 40. Kf3 h5 41.
h3 c6 42. Bc1 Bf6 43. Bd2 Be7 44. Bc1 Bf6 45. Bd2 1/2-1/2

[Event "1st Grand Europe Open"]
[Site "Golden Sands BUL"]
[Date "2012.06.08"]
[Round "5.5"]
[White "Ipatov, Alexander"]
[Black "Hunt, Adam C"]
[Result "1-0"]
[WhiteTitle "GM"]
[BlackTitle "IM"]
[WhiteElo "2561"]
[BlackElo "2461"]
[WhiteFideId "14116731"]
[BlackFideId "403970"]
[EventDate "2012.06.04"]
[EventType "swiss"]

1. d4 d5 2. Nf3 Nf6 3. c4 c6 4. Nbd2 Bf5 5. Nh4 Be6 6. e3 g6 7. Be2 Bg7 8. O-O
O-O 9. Nhf3 dxc4 10. Nxc4 Nbd7 11. b4 Bd5 12. Bb2 Ne4 13. Qc2 f5 14. Rad1 Rc8
15. a3 Qc7 16. Nfe5 Nd6 17. Rc1 Nxc4 18. Bxc4 Qd6 19. Nd3 Nb6 20. Bb3 Qe6 21.
Nc5 Qf7 22. Rfe1 Bxb3 23. Qxb3 Qxb3 24. Nxb3 Na4 25. Ba1 Rfd8 26. Rc2 Rd5 27. f4
Rcd8 28. Kf2 Kf7 29. Kf3 h5 30. Na5 R8d7 31. Nc4 Nb6 32. Nxb6 axb6 33. a4 Rd8
34. Bc3 Ra8 35. Ra1 e6 36. Raa2 Bf6 37. Be1 b5 38. a5 Ra6 39. h3 h4 40. Bc3 Be7
41. Re2 Bf6 42. Ra1 g5 43. fxg5 Bxg5 44. e4 fxe4+ 45. Rxe4 Ra8 46. Be1 Bf6 47.
Bxh4 Bxd4 48. Rf1 Rf5+ 49. Ke2 Rxf1 50. Kxf1 e5 51. Bf2 Bxf2 52. Kxf2 Ke6 53. g4
Kd5 54. Re1 c5 55. bxc5 Rxa5 56. g5 Ke6 57. Kg3 b4 58. Rf1 Rxc5 59. g6 Rc7 60.
Kg4 b3 61. Kg5 b2 62. Rb1 Rc2 63. h4 e4 64. Kh6 e3 65. g7 Rg2 66. Rxb2 Rxb2 67.
g8=Q+ Kd6 68. Qg3+ Kd5 69. Qxe3 b5 70. Qd3+ Ke6 71. Qe4+ Kf7 72. Qf5+ 1-0

[Event "1st Grand Europe Open"]
[Site "Golden Sands BUL"]
[Date "2012.06.08"]
[Round "5.6"]
[White "Nabaty, Tamir"]
[Black "Swapnil, S. Dhopade"]
[Result "1/2-1/2"]
[WhiteTitle "GM"]
[BlackTitle "IM"]
[WhiteElo "2553"]
[BlackElo "2445"]
[WhiteFideId "2809052"]
[BlackFideId "5019184"]
[EventDate "2012.06.04"]
[EventType "swiss"]

1. Nf3 Nf6 2. c4 e6 3. Nc3 d5 4. d4 dxc4 5. e4 Bb4 6. Bg5 c5 7. e5 cxd4 8. Nxd4
Qa5 9. exf6 Bxc3+ 10. bxc3 Qxg5 11. fxg7 Qxg7 12. Qf3 O-O 13. Bxc4 Nd7 14. Be2
Ne5 15. Qe4 f5 16. Qe3 Ng6 17. f4 e5 18. fxe5 f4 19. Qd2 Qxe5 20. O-O Bd7 21.
Bf3 Qc7 22. Rab1 Rab8 23. Bd5+ Kh8 24. c4 b6 25. Rbe1 Qd8 26. g3 Qf6 27. Ne2 Bh3
28. Rxf4 Qg7 29. Kh1 Nxf4 30. Nxf4 Rxf4 31. gxf4 Rf8 32. Qe3 Bf5 33. Qe5 Bg6 34.
Kg1 Qf6 35. Kg2 Kg7 36. Kg3 Bf5 37. Kf3 Kg6 38. Rg1+ Kh6 39. h4 Qxe5 40. fxe5
Bg6+ 41. Ke3 Rf5 42. e6 Kg7 43. e7 Re5+ 44. Kd4 Kf6 45. Rf1+ Bf5 46. Bb7 Rxe7
47. Bc8 Re5 48. Bxf5 Rxf5 49. Rxf5+ Kxf5 50. Kd5 h5 51. Kc6 Kg4 52. Kb7 1/2-1/2

[Event "1st Grand Europe Open"]
[Site "Golden Sands BUL"]
[Date "2012.06.08"]
[Round "5.7"]
[White "Tunik, Gennady"]
[Black "Rusev, Krasimir"]
[Result "1-0"]
[WhiteTitle "GM"]
[BlackTitle "GM"]
[WhiteElo "2429"]
[BlackElo "2525"]
[WhiteFideId "4101219"]
[BlackFideId "2905434"]
[EventDate "2012.06.04"]
[EventType "swiss"]

1. d4 Nf6 2. c4 e6 3. Nf3 Nc6 4. g3 d5 5. Bg2 dxc4 6. Qa4 Bb4+ 7. Bd2 Nd5 8.
Bxb4 Nxb4 9. Nc3 Bd7 10. O-O a5 11. Qd1 O-O 12. e4 Qf6 13. a3 Na6 14. Qe2 a4 15.
Qxc4 Na5 16. Qe2 Rfd8 17. Rad1 Be8 18. e5 Qe7 19. d5 Nc5 20. Nd4 Rd7 21. f4 Rad8
22. f5 Ncb3 23. f6 Qc5 24. Qg4 g6 25. Ne4 Qf8 26. dxe6 Nxd4 27. e7 Qh6 28.
exd8=Q Qe3+ 29. Kh1 Rxd8 30. Rxd4 Rxd4 31. Qc8 Kf8 32. e6 Rxe4 33. exf7 Nc6 34.
fxe8=Q+ Rxe8 35. Qxc7 1-0

[Event "1st Grand Europe Open"]
[Site "Golden Sands BUL"]
[Date "2012.06.08"]
[Round "5.8"]
[White "Lu, Shanglei"]
[Black "Dimitrov, Radoslav"]
[Result "1-0"]
[WhiteTitle "GM"]
[BlackTitle "IM"]
[WhiteElo "2522"]
[BlackElo "2428"]
[WhiteFideId "8603332"]
[BlackFideId "2908549"]
[EventDate "2012.06.04"]
[EventType "swiss"]

1. e4 Nf6 2. Nc3 d5 3. e5 Nfd7 4. Nxd5 Nxe5 5. Ne3 c5 6. b3 Nbc6 7. Bb2 Nd4 8.
c3 Nf5 9. Qc2 g6 10. Qe4 Bg7 11. Bb5+ Kf8 12. Be2 Nxe3 13. Qxe3 Qc7 14. h3 Bf5
15. Ba3 c4 16. Nf3 Nd3+ 17. Kf1 b5 18. Nd4 Bxd4 19. Qxd4 Qe5 20. Qxe5 Nxe5 21.
Re1 Rd8 22. Bxc4 bxc4 23. Rxe5 Rxd2 24. Bxe7+ Kg7 25. Kg1 Rxa2 26. bxc4 a5 27.
Bc5 Ra8 28. Bd4 Kg8 29. Kh2 a4 30. c5 Rd2 31. c6 Be6 32. Rb1 Rc8 33. c7 a3 34.
Rxe6 1-0

[Event "1st Grand Europe Open"]
[Site "Golden Sands BUL"]
[Date "2012.06.08"]
[Round "5.9"]
[White "Gorbatov, Alexej"]
[Black "Efimenko, Zahar"]
[Result "0-1"]
[WhiteTitle "IM"]
[BlackTitle "GM"]
[WhiteElo "2363"]
[BlackElo "2689"]
[WhiteFideId "4111834"]
[BlackFideId "14107201"]
[EventDate "2012.06.04"]
[EventType "swiss"]

1. e4 d6 2. d4 Nf6 3. Nc3 g6 4. f3 c6 5. Be3 Nbd7 6. Qd2 b5 7. g4 Nb6 8. g5 Nh5
9. f4 Bg7 10. Nf3 b4 11. Nd1 a5 12. a3 bxa3 13. Rxa3 O-O 14. Bd3 Bh3 15. Rg1 Qc7
16. Nf2 Bd7 17. Ng4 Bxg4 18. Rxg4 c5 19. Qf2 c4 20. Be2 e6 21. Rh4 f5 22. e5
Rfb8 23. Nd2 dxe5 24. Bxh5 gxh5 25. dxe5 Nd5 26. Bd4 c3 27. Bxc3 Bf8 28. Rb3 a4
29. Rxb8 Rxb8 30. Rxh5 a3 31. bxa3 0-1

[Event "1st Grand Europe Open"]
[Site "Golden Sands BUL"]
[Date "2012.06.08"]
[Round "5.11"]
[White "Can, Emre"]
[Black "Cheparinov, Ivan"]
[Result "1-0"]
[WhiteTitle "GM"]
[BlackTitle "GM"]
[WhiteElo "2461"]
[BlackElo "2673"]
[WhiteFideId "6302181"]
[BlackFideId "2905540"]
[EventDate "2012.06.04"]
[EventType "swiss"]

1. Nf3 g6 2. c4 Bg7 3. Nc3 Nf6 4. e4 d6 5. d4 O-O 6. h3 e5 7. d5 Nh5 8. Nh2 Qe8
9. Be2 Nf4 10. Bf3 f5 11. g3 fxe4 12. Nxe4 Bf5 13. Ng4 Na6 14. Kf1 Qe7 15. Bd2
Rae8 16. Bc3 h5 17. gxf4 hxg4 18. hxg4 Bd7 19. fxe5 Bxe5 20. Qd3 Bxc3 21. Qxc3
Qe5 22. Qxe5 Rxe5 23. Nd2 Nb4 24. Kg2 Nd3 25. Rh6 Kg7 26. Rh2 Ne1+ 27. Kg3 Rfe8
28. Be4 Rxe4 29. Nxe4 Rxe4 30. f3 Re3 31. Kf2 Nxf3 32. Rh3 Re4 33. Rxf3 Bxg4 34.
Rc3 Re2+ 35. Kg3 Bf5 36. b3 b6 37. a3 Kf6 38. Rh1 Ke5 39. Kf3 Ra2 40. Re3+ Kf6
41. Rh7 Rxa3 42. Rxc7 Bc2 43. Rc6 Rxb3 44. Rxd6+ Kf5 45. Rd7 Bd1+ 46. Kf2 Rb2+
47. Kg3 Rd2 48. Rxa7 Bg4 49. Rb7 Rd4 50. Rxb6 Rxc4 51. Rbe6 Kg5 52. R6e4 Rxe4
53. Rxe4 Bf5 54. Re8 Kf6 55. d6 Kf7 56. Re7+ Kf6 57. Kf4 g5+ 58. Ke3 Be6 59. Rh7 1-0

[Event "1st Grand Europe Open"]
[Site "Golden Sands BUL"]
[Date "2012.06.08"]
[Round "5.12"]
[White "Atalik, Suat"]
[Black "Xiu, Deshun"]
[Result "1/2-1/2"]
[WhiteTitle "GM"]
[BlackTitle "GM"]
[WhiteElo "2608"]
[BlackElo "2494"]
[WhiteFideId "14401487"]
[BlackFideId "8603693"]
[EventDate "2012.06.04"]
[EventType "swiss"]

1. d4 Nf6 2. c4 e6 3. Nf3 d5 4. Nc3 Bb4 5. cxd5 exd5 6. Bg5 h6 7. Bh4 c5 8. e3
g5 9. Bg3 Ne4 10. Bb5+ Bd7 11. Bxd7+ Nxd7 12. dxc5 O-O 13. O-O Bxc3 14. bxc3
Ndxc5 15. Rc1 Re8 16. Nd4 Qb6 17. c4 Rad8 18. Qc2 dxc4 19. Qxc4 Qf6 20. Rfd1 b6
21. a4 h5 22. a5 h4 23. Bc7 Rd7 24. axb6 axb6 25. Qb5 Rc8 1/2-1/2

[Event "1st Grand Europe Open"]
[Site "Golden Sands BUL"]
[Date "2012.06.08"]
[Round "5.13"]
[White "Lupulescu, Constantin"]
[Black "Naroditsky, Daniel"]
[Result "1/2-1/2"]
[WhiteTitle "GM"]
[BlackTitle "IM"]
[WhiteElo "2603"]
[BlackElo "2479"]
[WhiteFideId "1207822"]
[BlackFideId "2026961"]
[EventDate "2012.06.04"]
[EventType "swiss"]

1. d4 Nf6 2. c4 e6 3. Nc3 Bb4 4. e3 b6 5. Ne2 Ba6 6. Ng3 Bxc3+ 7. bxc3 d5 8. Ba3
Bxc4 9. Bxc4 dxc4 10. Qa4+ Qd7 11. Qxc4 Qc6 12. Qxc6+ Nxc6 13. c4 e5 14. d5 Na5
15. Rc1 Nb7 16. Ke2 Nd7 17. Nf5 g6 18. Ne7 f6 19. Nc6 Kf7 20. e4 Rhe8 21. f3
Ndc5 22. Rc3 a5 23. Re3 Nd6 24. Bxc5 bxc5 25. Kd3 a4 26. a3 Ra6 27. Rb1 Rb6 28.
Ree1 g5 29. g3 h5 30. Rf1 Kg7 31. Kc3 Kf7 32. Kd3 Kg7 33. Rxb6 cxb6 34. Rb1 Nc8
35. Nb8 Rd8 36. Nc6 Re8 37. Nb8 Rd8 38. Na6 Rd7 39. Rb5 Kf7 40. h3 Kf8 41. Nxc5
bxc5 42. Rxc5 Nd6 43. Rc6 Ke8 44. c5 Nb5 45. Ra6 Rc7 46. c6 Ke7 47. Rxa4 Nd4 48.
f4 gxf4 49. gxf4 Kd6 50. fxe5+ fxe5 51. Kc4 Nf3 52. Ra8 Nd2+ 53. Kd3 Nb3 54.
Rd8+ Kc5 1/2-1/2

[Event "1st Grand Europe Open"]
[Site "Golden Sands BUL"]
[Date "2012.06.08"]
[Round "5.15"]
[White "Blomqvist, Erik"]
[Black "Swiercz, Dariusz"]
[Result "0-1"]
[WhiteTitle "IM"]
[BlackTitle "GM"]
[WhiteElo "2454"]
[BlackElo "2585"]
[WhiteFideId "1709437"]
[BlackFideId "1126881"]
[EventDate "2012.06.04"]
[EventType "swiss"]

1. d4 Nf6 2. c4 e6 3. Nc3 Bb4 4. e3 O-O 5. Bd3 d5 6. Nf3 b6 7. a3 Bxc3+ 8. bxc3
dxc4 9. Bxc4 c5 10. O-O Qc7 11. Bd3 Bb7 12. Re1 Be4 13. Bf1 Nc6 14. Bb2 Rad8 15.
Nd2 Bg6 16. Qf3 e5 17. Rac1 Rfe8 18. Nb3 Ne4 19. Qh3 Qb7 20. Ba1 Qe7 21. Bb5 Qc7
22. f3 Nd6 23. Bf1 c4 24. Nd2 b5 25. Qg3 Qa5 26. Bb2 e4 27. Qf2 Ne7 28. a4 a6
29. Ba3 Nd5 30. Bxd6 Rxd6 31. axb5 axb5 32. Bxc4 bxc4 33. Nxc4 Qc7 34. Nxd6 Qxd6
35. Qd2 exf3 36. gxf3 Qf6 37. c4 Ne7 38. e4 Nc6 39. Rcd1 Qxf3 40. Qe3 Qg4+ 41.
Qg3 Qd7 42. e5 Nxd4 0-1

[Event "1st Grand Europe Open"]
[Site "Golden Sands BUL"]
[Date "2012.06.08"]
[Round "5.17"]
[White "Esen, Baris"]
[Black "Ashwin, Jayaram"]
[Result "1/2-1/2"]
[WhiteTitle "GM"]
[BlackTitle "IM"]
[WhiteElo "2568"]
[BlackElo "2471"]
[WhiteFideId "6302114"]
[BlackFideId "5018137"]
[EventDate "2012.06.04"]
[EventType "swiss"]

1. d4 d5 2. Nf3 Nf6 3. c4 c6 4. Nc3 dxc4 5. a4 Bf5 6. Ne5 Nbd7 7. Nxc4 Qc7 8. g3
e5 9. dxe5 Nxe5 10. Bf4 Nfd7 11. Bg2 g5 12. Bxe5 Nxe5 13. Qd4 f6 14. O-O-O Rd8
15. Qe3 Be7 16. Rxd8+ Kxd8 17. Rd1+ Kc8 18. Be4 Bg6 19. Nxe5 Qxe5 20. Qxa7 Ba3
21. Qe3 Bc5 22. Qf3 g4 23. Qxg4+ f5 24. Qh3 Bxf2 25. Rf1 Qc5 26. Kc2 Kb8 27. Bd3
Re8 28. Qh4 Bd4 29. Rf4 Be5 30. Rc4 Qf2 31. a5 Bf7 32. Rb4 Bxc3 33. bxc3 Rxe2+
34. Bxe2 Qxe2+ 35. Kc1 Qe1+ 1/2-1/2

[Event "1st Grand Europe Open"]
[Site "Golden Sands BUL"]
[Date "2012.06.08"]
[Round "5.18"]
[White "Mladenov, Svetlin"]
[Black "Tikkanen, Hans"]
[Result "0-1"]
[BlackTitle "GM"]
[WhiteElo "2413"]
[BlackElo "2566"]
[WhiteFideId "2906023"]
[BlackFideId "1706446"]
[EventDate "2012.06.04"]
[EventType "swiss"]

1. e4 e6 2. d4 d5 3. Nd2 Nf6 4. e5 Nfd7 5. f4 c5 6. Ngf3 Nc6 7. Nb3 Qb6 8. c3
cxd4 9. Nfxd4 Nc5 10. Be3 Bd7 11. Be2 Nxd4 12. Qxd4 Nxb3 13. axb3 Qxb3 14. Rxa7
Rxa7 15. Qxa7 Be7 16. Bc5 Qxb2 17. O-O Qxc3 18. Qb8+ Bd8 19. Bd6 Qc8 20. Qa7 f5
21. Qe3 Kf7 22. g4 Re8 23. gxf5 exf5 24. Qh3 Kg8 25. Bf3 Qc4 26. Rd1 Be6 27. Bh5
Bb6+ 28. Kh1 Ra8 0-1

[Event "1st Grand Europe Open"]
[Site "Golden Sands BUL"]
[Date "2012.06.08"]
[Round "5.20"]
[White "Nikolov, Momchil"]
[Black "Popchev, Milko"]
[Result "0-1"]
[WhiteTitle "GM"]
[BlackTitle "GM"]
[WhiteElo "2553"]
[BlackElo "2450"]
[WhiteFideId "2905710"]
[BlackFideId "2900165"]
[EventDate "2012.06.04"]
[EventType "swiss"]

1. e4 e5 2. Nf3 Nc6 3. Bb5 a6 4. Ba4 Nf6 5. O-O Be7 6. Re1 b5 7. Bb3 O-O 8. h3
d6 9. c3 Na5 10. Bc2 c5 11. d4 Qc7 12. Nbd2 Nc6 13. d5 Nd8 14. Nf1 Ne8 15. a4
Qb7 16. axb5 axb5 17. Rxa8 Qxa8 18. b4 c4 19. Be3 g6 20. Qa1 Qb7 21. Qa7 Qxa7
22. Bxa7 f5 23. N3d2 fxe4 24. Ne3 Bb7 25. Nxe4 Nf6 26. Nxf6+ 0-1

[Event "1st Grand Europe Open"]
[Site "Golden Sands BUL"]
[Date "2012.06.08"]
[Round "5.20"]
[White "Nikolov, Momchil"]
[Black "Popchev, Milko"]
[Result "0-1"]
[WhiteTitle "GM"]
[BlackTitle "GM"]
[WhiteElo "2553"]
[BlackElo "2450"]
[WhiteFideId "2905710"]
[BlackFideId "2900165"]
[EventDate "2012.06.04"]
[EventType "swiss"]

1. d4 d6 2. e4 e5 3. Nf3 exd4 4. Nxd4 Nf6 5. Nc3 Be7 6. g3 O-O 7. Bg2 Na6 8. O-O
Re8 9. h3 Bf8 10. Re1 c6 11. Bf4 Nc5 12. Qd2 Ne6 13. Be3 Nc5 14. Bf4 Ne6 15.
Nxe6 Bxe6 16. Be3 d5 17. exd5 Nxd5 18. Nxd5 Bxd5 19. Bxd5 cxd5 20. Rad1 Qc8 21.
Qxd5 Qxc2 22. Rc1 Qxb2 23. Rb1 Qf6 24. Rxb7 Rad8 25. Qa5 Qf3 26. Rxa7 Rd3 27.
Rc7 h5 28. h4 Bd6 29. Rd7 Bxg3 30. Rxd3 Rxe3 31. Rd8+ Kh7 32. Rf1 Bh2+ 0-1

[Event "1st Grand Europe Open"]
[Site "Golden Sands BUL"]
[Date "2012.06.08"]
[Round "5.22"]
[White "Parligras, Cosmin"]
[Black "Mastrovasilis, Athanasios"]
[Result "1/2-1/2"]
[BlackTitle "GM"]
[WhiteElo "2264"]
[BlackElo "2537"]
[WhiteFideId "1206494"]
[BlackFideId "4201990"]
[EventDate "2012.06.04"]
[EventType "swiss"]

1. e4 e5 2. Nf3 d6 3. d4 exd4 4. Nxd4 Nf6 5. Nc3 Be7 6. g3 O-O 7. Bg2 Bg4 8. f3
Bd7 9. O-O Nc6 10. b3 d5 11. exd5 Nb4 12. Be3 Nfxd5 13. Nxd5 Nxd5 14. Bf2 c5 15.
Ne2 Bc6 16. c4 Nb4 17. Nf4 Qxd1 18. Rfxd1 Rfd8 19. a4 b6 20. h4 Bf6 21. Rab1 Be5
22. Nd5 Nxd5 23. cxd5 Rxd5 24. f4 Rxd1+ 25. Rxd1 Bxg2 26. fxe5 Bf3 27. Rd2 a5
28. Be3 h6 29. Rd6 Rb8 30. Bf4 Rb7 31. Rd8+ Kh7 32. e6 fxe6 33. Rb8 Rxb8 34.
Bxb8 Bd1 35. Bc7 Bxb3 36. Bxb6 Bxa4 37. Bxa5 g5 38. hxg5 hxg5 39. Kf2 Kg6 40.
Bb6 c4 41. Bd4 Kf5 42. Ke3 Bc2 43. Bb2 Bd3 44. Bc3 e5 45. Bb2 Ke6 46. Bc3 Kd5
47. Bb4 Bf5 48. Bc3 Bg4 49. Bb4 Bd1 50. Bc3 Ke6 51. Kd2 Ba4 52. Ke3 Kf5 53. Bb2
Bc2 54. Bc3 e4 55. Kf2 Bd3 56. Bd2 Kg4 57. Be1 Bc2 58. Bd2 Ba4 59. Be1 Be8 60.
Bd2 Bg6 61. Be1 Kf5 62. Bc3 Bh5 63. Bd2 Bf3 64. Bc3 Ke6 65. Ke3 Kd5 66. Bb4 Kc6
67. Kd4 Kb5 68. Bd2 1/2-1/2

[Event "1st Grand Europe Open"]
[Site "Golden Sands BUL"]
[Date "2012.06.08"]
[Round "5.23"]
[White "Yilmaz, Mustafa"]
[Black "Vaarala, Eric"]
[Result "1-0"]
[WhiteTitle "IM"]
[WhiteElo "2536"]
[BlackElo "2249"]
[WhiteFideId "6302718"]
[BlackFideId "1711962"]
[EventDate "2012.06.04"]
[EventType "swiss"]

1. Nf3 Nf6 2. c4 b6 3. g3 Bb7 4. Bg2 e6 5. O-O Be7 6. d4 O-O 7. Nc3 Ne4 8. Qd3
Nxc3 9. Qxc3 c5 10. b3 cxd4 11. Nxd4 Bxg2 12. Kxg2 Bf6 13. Bb2 Nc6 14. Qd3 Qc8
15. Rfd1 Nxd4 16. Bxd4 Qc6+ 17. Kg1 Bxd4 18. Qxd4 Rfd8 19. Rd2 Rac8 20. Rad1 h6
21. Qe5 Rc7 22. Rd6 Qc5 23. Qf4 Qg5 24. Qd4 Qc5 25. Qd3 a6 26. a4 Ra7 27. Qe4 b5
28. Qh4 Rc8 29. cxb5 axb5 30. a5 b4 31. a6 Rca8 32. Qf4 Qb5 33. Qf3 Rd8 34. Ra1
Rda8 35. Rad1 Rd8 36. Qd3 Qxd3 37. R1xd3 Kf8 38. Rb6 Ke7 39. Rd2 Rda8 40. Ra2
Kd8 41. h4 Kc7 42. Rxb4 Rxa6 43. Rc4+ Kd8 44. Rxa6 Rxa6 45. e4 Ra1+ 46. Kg2 Rb1
47. Rb4 h5 48. e5 Re1 49. Rb8+ Ke7 50. Rb5 g6 51. Kf3 d5 52. exd6+ Kxd6 53. Rb7
Rb1 54. Rxf7 Rxb3+ 55. Kf4 Rb2 56. Kg5 e5 57. Kxg6 Ke6 58. Rf6+ Ke7 59. Rf3 e4
60. Rf4 1-0

[Event "1st Grand Europe Open"]
[Site "Golden Sands BUL"]
[Date "2012.06.08"]
[Round "5.24"]
[White "Ivanov, Tsvetalin"]
[Black "Carlsson, Pontus"]
[Result "1/2-1/2"]
[BlackTitle "GM"]
[WhiteElo "2139"]
[BlackElo "2531"]
[WhiteFideId "2907720"]
[BlackFideId "1705814"]
[EventDate "2012.06.04"]
[EventType "swiss"]

1. Nf3 Nf6 2. c4 b6 3. g3 c5 4. Nc3 Bb7 5. Bg2 g6 6. O-O Bg7 7. b3 O-O 8. Bb2
Na6 9. d4 d5 10. dxc5 Ne4 11. c6 Bxc6 12. Nd4 Rc8 13. Nxe4 dxe4 14. Nxc6 Rxc6
15. Bxg7 Kxg7 16. Bxe4 Rd6 17. Qc2 Rd2 18. Qc3+ Qd4 19. Qxd4+ Rxd4 20. Bb7 Nc5
21. Bf3 a5 22. Rfd1 Rfd8 23. e3 Rd2 24. Rab1 Ne4 25. a3 Nxf2 26. Rxd2 Rxd2 27.
b4 axb4 28. axb4 Nh3+ 29. Kh1 Nf2+ 30. Kg1 Nd3 31. Be4 Ne5 32. c5 f5 33. Bg2
bxc5 34. b5 c4 35. b6 c3 36. b7 Nd7 37. Bf3 c2 38. Rc1 e5 39. Kf1 Nb8 40. Ke1
Rd7 41. e4 Rxb7 42. exf5 e4 43. Bg4 h5 44. Bh3 Rc7 45. Kd2 e3+ 46. Kxe3 Na6 47.
fxg6 Kxg6 48. Kd2 Nb4 49. Rf1 Rc5 50. Be6 Nd3 51. Kxd3 c1=Q 52. Rxc1 Rxc1 53.
Bd5 Rd1+ 54. Ke4 Kg5 55. h3 Rd2 56. Bc6 Rc2 57. Bb5 Rb2 58. Bd3 Rh2 59. Kf3 Ra2
60. h4+ Kf6 61. Kf4 Ra4+ 62. Be4 Ke6 63. Kf3 Kf6 64. Kf4 Rb4 65. Ke3 Ke5 66. Bf3
Rb3+ 67. Kf2 Rb2+ 68. Ke3 Rb3+ 1/2-1/2

[Event "1st Grand Europe Open"]
[Site "Golden Sands BUL"]
[Date "2012.06.08"]
[Round "5.25"]
[White "Drenchev, Petar"]
[Black "Georgiev, Krum"]
[Result "1-0"]
[WhiteTitle "GM"]
[BlackTitle "GM"]
[WhiteElo "2496"]
[BlackElo "2421"]
[WhiteFideId "2903261"]
[BlackFideId "2900092"]
[EventDate "2012.06.04"]
[EventType "swiss"]

1. c4 Nf6 2. Nc3 g6 3. d4 Bg7 4. e4 d6 5. Bd3 O-O 6. Nge2 Nfd7 7. O-O c5 8. d5
Ne5 9. Bg5 Nbd7 10. f4 Nxd3 11. Qxd3 a6 12. a4 Re8 13. Bh4 Qa5 14. Rad1 b5 15.
axb5 Nb6 16. b3 Bg4 17. Be1 Qb4 18. Rb1 Qa3 19. bxa6 Qxa6 20. Nb5 Qb7 21. Bc3
Bxc3 22. Nexc3 Ra6 23. f5 1-0

[Event "1st Grand Europe Open"]
[Site "Golden Sands BUL"]
[Date "2012.06.08"]
[Round "5.26"]
[White "Georgiev, Kiril"]
[Black "Zhang, Xiaowen"]
[Result "1-0"]
[WhiteTitle "GM"]
[BlackTitle "WGM"]
[WhiteElo "2689"]
[BlackElo "2385"]
[WhiteFideId "2900017"]
[BlackFideId "8603219"]
[EventDate "2012.06.04"]
[EventType "swiss"]

1. d4 Nf6 2. Nf3 g6 3. c3 Bg7 4. Bg5 c5 5. e3 O-O 6. Nbd2 d6 7. Bd3 b6 8. Qe2
Bb7 9. O-O Qc7 10. e4 e6 11. h3 Nc6 12. Rfd1 Rfe8 13. a3 Nh5 14. Qe3 f5 15. dxc5
dxc5 16. Bc4 f4 17. Qe2 a6 18. a4 Ne5 19. Nxe5 Qxe5 20. Qg4 Bc8 21. Bh4 Nf6 22.
Qe2 Bb7 23. Bd3 Qc7 24. Bxf6 Bxf6 25. Nf3 Red8 26. e5 Bxf3 27. Qxf3 Bxe5 28. Bc4
Kg7 29. Qe4 Kf6 30. Re1 Re8 31. Re2 Bd6 32. Rd1 e5 33. Red2 Rad8 34. Bxa6 Be7
35. Bc4 Rxd2 36. Rxd2 Rd8 37. Rd5 Bd6 38. Bb3 Qe7 39. Bc4 Qc7 40. Kf1 Qe7 41.
Ke2 Bc7 42. h4 Rd6 43. Rxd6+ Qxd6 44. Qa8 Bd8 45. Qb7 Bc7 46. Bd5 Qd7 47. Bb3
Ke7 48. Ke1 Kf6 49. Qe4 Kg7 50. Qc4 Qe8 51. Bc2 Qe7 52. Qd5 Qd8 53. Qb7 Kh6 54.
Ke2 Qd7 55. Qf3 Qe6 56. g4 fxg3 57. fxg3 Kg7 58. Qb7 Qd7 59. Qd5 Qh3 60. Qb7 Qd7
61. Ke3 Kh6 62. Qf3 Qe7 63. Be4 Kg7 64. Qg4 Bd8 65. Qc8 Qc7 66. Qe6 Qe7 67. Qd5
Bc7 68. Kd3 Qf7 69. Kc4 Qe8 70. b3 Qc8 71. Kb5 Kf6 72. g4 Ke7 73. Qc6 Qd7 74. g5
Kd8 1-0

[Event "1st Grand Europe Open"]
[Site "Golden Sands BUL"]
[Date "2012.06.08"]
[Round "5.28"]
[White "Vuckovic, Bojan"]
[Black "Mrdja, Milan"]
[Result "1-0"]
[WhiteTitle "GM"]
[BlackTitle "IM"]
[WhiteElo "2628"]
[BlackElo "2372"]
[WhiteFideId "922277"]
[BlackFideId "14500337"]
[EventDate "2012.06.04"]
[EventType "swiss"]

1. e4 d5 2. exd5 Qxd5 3. Nf3 Bg4 4. Be2 Nc6 5. d4 O-O-O 6. c4 Qf5 7. O-O Nf6 8.
Be3 e5 9. d5 Bxf3 10. Bxf3 e4 11. Be2 Ne5 12. Nc3 h5 13. Nb5 Nfg4 14. Nxa7+ Kb8
15. Nb5 Nxe3 16. fxe3 Qg6 17. Qd4 Nc6 18. Qc3 Na7 19. a4 Be7 20. Rfd1 Qf6 21.
Qa5 Qb6 22. Qxb6 cxb6 23. Nd4 g6 24. a5 bxa5 25. Rxa5 Bb4 26. Ra4 Bc5 27. b4
Bxd4 28. Rxd4 b5 29. Rxa7 1-0